| 000 | 00742nam a22002417a 4500 | ||
|---|---|---|---|
| 999 |
_c172455 _d172455 |
||
| 005 | 20200205155815.0 | ||
| 010 | _aENG-127648 | ||
| 020 |
_a9789353434311 _c875.00 |
||
| 035 | _aEN-111180 | ||
| 037 | _bDBAD/PUB | ||
| 082 | _a615.1 | ||
| 100 | _aShah,Umang | ||
| 245 |
_aComplete companion for GPAT and other Competitive Examinations in Pharmacy// _bby Umang Shah ...[et al]. |
||
| 250 | _a4th | ||
| 260 |
_aNoida _bPearson _c2019 |
||
| 270 |
_bNoida _a15th floor,Tower-B,World Trade Tower,plot no.1,Block-c,sector 16 _e201301 |
||
| 300 |
_avarious pages _b25cm(pbk) |
||
| 700 | _aShah,Umang | ||
| 700 | _aAkarbari,Ashok | ||
| 700 | _aBaser,Amit Kumar | ||
| 700 | _aPatel,Ashish | ||
| 942 |
_2ddc _cEN _h615.1 _mCOM |
||